000
00285nam a2200157Ia 4500
100
_a
IMS
650
_a
General
942
_c
BK
654
_a
essay
245
_a
Essay scorer
260
_b
IMS
_c
2004
082
_a
372.6
_b
IMS
300
_a
144
546
_a
ENGLISH
999
_c
32916
_d
32916